O ekonomické odpovědnosti

Pohľad na zodpovednosť vo vybraných základných vedných disciplínach, najmä v rámci ekonómie, právnych vied, etiky a filozofie.Princíp zodpovednosti v praxi. Zodpovednosť vlastníkov a podnikateľov. Inštitút ručenia. Zodpovednosť riadiacich pracovníkov.

Salvato in:
Dettagli Bibliografici
Autore principale: Klusoň, Václav
Natura: Capitolo di libro
Lingua:ceco
Soggetti:
Tags: Aggiungi Tag
Nessun Tag, puoi essere il primo ad aggiungerne!!

MARC

LEADER 00000naa$a2200000$$$4500
001 0033104
005 20231019130456.5
041 0 |a cze 
044 |a CZ 
245 1 0 |a O ekonomické odpovědnosti  |c Václav Klusoň 
520 |a Pohľad na zodpovednosť vo vybraných základných vedných disciplínach, najmä v rámci ekonómie, právnych vied, etiky a filozofie.Princíp zodpovednosti v praxi. Zodpovednosť vlastníkov a podnikateľov. Inštitút ručenia. Zodpovednosť riadiacich pracovníkov. 
610 2 0 |a zodpovednosť 
610 2 0 |a zodpovednosť právna 
610 2 0 |a zodpovednosť spoločenská 
610 2 0 |a zodpovednosť politická 
610 2 0 |a filozofia 
610 2 0 |a etika 
610 2 0 |a pracovníci riadiaci 
610 2 0 |a právo 
610 2 0 |a ručenie 
100 1 |a Klusoň, Václav